[Event "East Lansing (Class C/4/6)"]
[Site "?"]
[Date "1995.??.??"]
[Round "?"]
[White "Belill, Mike"]
[Black "Jensen, D."]
[Result "0-1"]
[WhiteElo "1605"]
[BlackElo "1605"]
[PlyCount "90"]
[EventDate "1995.??.??"]

{4/(6)} 1. e4 e6 2. d4 d5 3. Nc3 Nf6 4. Nf3 c5 5. e5 Nfd7 6. Be3 Nc6 7. Bd3
cxd4 8. Nxd4 Ndxe5 9. O-O Nxd3 10. Qxd3 Be7 11. f4 Bd7 12. Nf3 a6 13. a3 Bf6
14. Rae1 Ne7 15. Ne5 Rc8 16. Bd2 Bc6 17. Qd4 O-O 18. Rf3 Nf5 19. Qf2 Bh4 20. g3
Be7 21. Nxc6 Rxc6 22. Bc1 Bc5 23. Be3 Bxe3 24. Rfxe3 Nxe3 25. Rxe3 Qc7 26. Re2
Rc8 27. Rd2 Qb6 28. Qxb6 Rxb6 29. Na4 Rbc6 30. Nc3 Rc4 31. f5 d4 32. Ne4 Rxc2
33. Rxd4 Rxb2 34. Nf2 exf5 35. Kg2 g6 36. Kf3 Kg7 37. Nd3 Rb3 38. Kf4 Re8 39.
Rd7 Rb5 40. Rc7 Re4+ 41. Kf3 Rb3 42. Rd7 b6 43. Kg2 Rxa3 44. Kh3 f4 45. Nxf4
Rxf4 0-1

[Event "East Lansing (Class C/2/13)"]
[Site "?"]
[Date "1995.??.??"]
[Round "?"]
[White "Belill, Mike"]
[Black "Bloch, Hermann"]
[Result "1-0"]
[WhiteElo "1605"]
[BlackElo "1605"]
[PlyCount "65"]
[EventDate "1995.??.??"]

{2/(13)} 1. e4 e5 2. Nf3 Nc6 3. Bb5 a6 4. Ba4 Nf6 5. O-O d6 6. Re1 Be7 7. c3 b5
8. Bc2 O-O 9. h3 Na7 10. d4 exd4 11. cxd4 h6 12. Nbd2 Bb7 13. Nf1 Nh7 14. Ng3
Bc8 15. Qd3 Nf6 16. Bd2 c5 17. e5 c4 18. Qe3 Nd5 19. Qe4 f5 20. Qxd5+ Kh8 21.
Qxa8 Qb6 22. Qd5 Bb7 23. Qe6 Nc8 24. Nxf5 Bxf3 25. gxf3 Qc6 26. Be4 Qe8 27. Kh2
dxe5 28. dxe5 g6 29. Rg1 Rf6 30. Qd5 gxf5 31. exf6 Bd6+ 32. f4 fxe4 33. f7 1-0

[Event "Lansing (Mini-Swiss.2/2)"]
[Site "?"]
[Date "1995.??.??"]
[Round "?"]
[White "Belill, Matt"]
[Black "Stark, Jay"]
[Result "1/2-1/2"]
[WhiteElo "1605"]
[BlackElo "1605"]
[PlyCount "84"]
[EventDate "1995.??.??"]

{2/(2)} 1. e4 c5 2. Nf3 e6 3. d4 cxd4 4. Nxd4 a5 5. Nc3 Qc7 6. Be2 Nf6 7. O-O
Be7 8. Be3 d6 9. f4 Nc6 10. Qd2 b5 11. a3 Bb7 12. f5 Nxd4 13. Qxd4 O-O 14. Bf3
Rfd8 15. Rad1 Rac8 16. Qd2 Nd7 17. Qf2 Ne5 18. Bb6 Qd7 19. Bxd8 Qxd8 20. fxe6
fxe6 21. Kh1 Rc4 22. Be2 Rc7 23. Bd3 Qa8 24. Rde1 Rd7 25. Qe2 Bh4 26. Rd1 Bf6
27. Qh5 Rd8 28. Qh3 Re8 29. Qg3 Kf7 30. Qh3 Kg8 31. Rde1 Bg5 32. Qh5 Qd8 33.
Ne2 Bd2 34. Rd1 g6 35. Qh3 Bg5 36. Nf4 Qe7 37. Rde1 Bc8 38. Qe3 Ng4 39. Qb6 Ne5
40. Qe3 Ng4 41. Qh3 Ne5 42. Qe3 Ng4 1/2-1/2

[Event "East Lansing (Class C/2/6)"]
[Site "?"]
[Date "1995.??.??"]
[Round "?"]
[White "Belill, Matt"]
[Black "Cooper, Willie"]
[Result "1/2-1/2"]
[WhiteElo "1605"]
[BlackElo "1605"]
[PlyCount "132"]
[EventDate "1995.??.??"]

{2/(6)} 1. e4 c5 2. Nf3 d6 3. d4 cxd4 4. Nxd4 Nf6 5. Nc3 g6 6. Bg5 Bg7 7. Qd2
O-O 8. Bh6 Qb6 9. Bxg7 Kxg7 10. Nb3 a6 11. Bc4 Qb4 12. Bd3 Nbd7 13. a3 Qb6 14.
O-O-O Ne5 15. f3 Be6 16. Na4 Qc6 17. Qb4 Rac8 18. Nd4 Nxd3+ 19. Rxd3 Qc4 20.
Nxe6+ fxe6 21. Qxc4 Rxc4 22. Nc3 Rfc8 23. Rhd1 Nd7 24. Rd4 R4c5 25. R1d2 Nb6
26. Na4 Nxa4 27. Rxa4 R8c6 28. Rad4 b5 29. a4 e5 30. axb5 Rxb5 31. Ra4 e6 32.
Rd3 Kf6 33. Rc3 Rcb6 34. b3 d5 35. Rc7 d4 36. Ra7 Rc5 37. R7xa6 Rxb3 38. Ra3
Rb7 39. Ra7 Rxa7 40. Rxa7 d3 41. Rxh7 Rxc2+ 42. Kd1 Rxg2 43. Rd7 Rxh2 44. Rxd3
Kg5 45. Rd6 Kf6 46. Ke1 g5 47. Rb6 g4 48. fxg4 Rg2 49. Rb4 Kg5 50. Rb6 Kxg4 51.
Rxe6 Kf4 52. Kf1 Ra2 53. Re7 Kxe4 54. Ke1 Kd4 55. Rd7+ Ke3 56. Kd1 e4 57. Rd6
Ra1+ 58. Kc2 Ke2 59. Rd7 e3 60. Rd6 Ke1 61. Rg6 Kf2 62. Rf6+ Ke2 63. Rh6 Ra2+
64. Kc1 Kf1 65. Rh1+ Kg2 66. Rh8 Rf2 1/2-1/2

[Event "East Lansing (Class C/3/2)"]
[Site "?"]
[Date "1995.??.??"]
[Round "?"]
[White "Belill, Matt"]
[Black "Carroll, R."]
[Result "1/2-1/2"]
[WhiteElo "1605"]
[BlackElo "1605"]
[PlyCount "75"]
[EventDate "1995.??.??"]

{3/(2)} 1. e4 e6 2. Nf3 d5 3. exd5 exd5 4. d4 Nf6 5. Bg5 Be7 6. Bd3 Nc6 7. O-O
Bg4 8. c3 Qd6 9. h3 Bxf3 10. Qxf3 O-O-O 11. Bf5+ Nd7 12. Bf4 Qf6 13. Bxd7+ Rxd7
14. Qe3 Rg8 15. Nd2 g5 16. Bg3 h5 17. f4 g4 18. h4 Qf5 19. a4 Bd6 20. Rac1 Re7
21. Qf2 Rge8 22. Rfe1 Kd7 23. Rxe7+ Nxe7 24. Nf1 Ng6 25. Ne3 Qe4 26. Re1 Bxf4
27. Nc2 Qf5 28. Rxe8 Kxe8 29. Bxf4 Qxf4 30. g3 Qxf2+ 31. Kxf2 Ke7 32. Ke3 f5
33. Nb4 c6 34. Nd3 b6 35. Nf4 Nxf4 36. Kxf4 Kf6 37. b4 a6 38. Ke3 1/2-1/2

[Event "East Lansing (MEX/3/11)"]
[Site "?"]
[Date "1995.??.??"]
[Round "?"]
[White "Beider, Andrew"]
[Black "Zaremba, Andrei"]
[Result "1/2-1/2"]
[WhiteElo "2135"]
[BlackElo "2000"]
[PlyCount "143"]
[EventDate "1995.??.??"]

{3/(11)} 1. d4 Nf6 2. c4 c5 3. Nf3 e6 4. Nc3 cxd4 5. Nxd4 Bc5 6. Nb3 Bb4 7. Bd2
O-O 8. a3 Bxc3 9. Bxc3 Nc6 10. e3 Ne4 11. Qc2 Nxc3 12. Qxc3 b6 13. Bd3 Bb7 14.
O-O Qg5 15. f4 Qh6 16. Rae1 d5 17. cxd5 exd5 18. Nd4 Nxd4 19. Qxd4 f5 20. Rf3
Qf6 21. Rf2 Rac8 22. g3 g6 23. Rc2 Rxc2 24. Bxc2 Kg7 25. Kf2 Rc8 26. Bd3 Rc7
27. h4 Re7 28. Re2 Qxd4 29. exd4 Rxe2+ 30. Kxe2 Kf6 31. Kd2 h6 32. Kc3 Bc6 33.
b3 g5 34. hxg5+ hxg5 35. Ba6 gxf4 36. gxf4 Ke7 37. a4 Kd6 38. Kb4 Kc7 39. Kc3
Bb7 40. Bd3 Bc8 41. Kd2 Kd6 42. Ke3 Ke6 43. Kf3 Kf6 44. Kg3 Kg6 45. Kh4 Bd7 46.
Be2 a5 47. Ba6 Bc6 48. Kg3 Bd7 49. Bb7 Be6 50. Bc6 Kf6 51. Kh4 Kg6 52. Be8+ Kh6
53. Kg3 Kg7 54. Kh3 Kh7 55. Kg2 Kg7 56. Kf3 Kf6 57. Ke3 Ke7 58. Bh5 Bf7 59. Be2
Ke6 60. Kd3 Kd6 61. Kc3 Be8 62. Bd1 Ke6 63. b4 Kd6 64. bxa5 bxa5 65. Kd3 Ke6
66. Ke3 Kf6 67. Kf2 Kg6 68. Kg3 Kh6 69. Bc2 Bd7 70. Kh4 Kg6 71. Bd1 Kh6 72. Bb3
1/2-1/2

[Event "East Lansing (MEX/5/9)"]
[Site "?"]
[Date "1995.??.??"]
[Round "?"]
[White "Beider, Andrew"]
[Black "Brooks, John"]
[Result "0-1"]
[WhiteElo "2135"]
[BlackElo "2195"]
[PlyCount "106"]
[EventDate "1995.??.??"]

{5/(9)} 1. Nf3 c5 2. e4 e6 3. d4 cxd4 4. Nxd4 Nf6 5. Nc3 Bb4 6. Bd3 Nc6 7. Be3
d5 8. Nxc6 bxc6 9. exd5 cxd5 10. O-O O-O 11. Bg5 h6 12. Bh4 Rb8 13. Qf3 Be7 14.
Rab1 Bb7 15. Bg3 Rc8 16. Rbd1 Qb6 17. Rb1 Nd7 18. Na4 Qb4 19. b3 Bf6 20. Qe2
Bc6 21. Nb2 Qa3 22. Nd1 Qxa2 23. Ne3 Bc3 24. Bd6 Rfd8 25. Ng4 Nf6 26. Be5 Bxe5
27. Nxh6+ gxh6 28. Qxe5 Nd7 29. Qg3+ Kf8 30. Qd6+ Ke8 31. Rfe1 Nf8 32. Qb4 a5
33. Qh4 Qa3 34. Qxh6 Qe7 35. h4 e5 36. h5 e4 37. Re3 Rd6 38. Qg7 Qf6 39. Qg8
Kd7 40. Be2 Ne6 41. Qg3 d4 42. Rd1 Bd5 43. Bb5+ Ke7 44. Re2 Rc5 45. c4 Bb7 46.
Ra2 Rxh5 47. Rxa5 Qh8 48. Kf1 Rh1+ 49. Ke2 Qh5+ 50. f3 exf3+ 51. gxf3 Bxf3+ 52.
Kf2 Rh2+ 53. Ke1 Re2+ 0-1

[Event "Troy (US Am N/4/17)"]
[Site "?"]
[Date "1995.??.??"]
[Round "?"]
[White "Bee, A."]
[Black "Williams, C."]
[Result "1-0"]
[WhiteElo "1870"]
[BlackElo "1605"]
[PlyCount "55"]
[EventDate "1995.??.??"]

{4/(17)} 1. d4 d5 2. Nf3 Nc6 3. e3 Bg4 4. c3 e5 5. dxe5 Nxe5 6. Be2 Nxf3+ 7.
Bxf3 Be6 8. O-O Nf6 9. c4 c6 10. cxd5 Bxd5 11. Nc3 Bxf3 12. Qxf3 Qc7 13. e4 Bd6
14. g3 O-O-O 15. Be3 b6 16. Rac1 Kb7 17. Nb5 Qd7 18. Nxd6+ Qxd6 19. Bg5 Rhe8
20. Rfd1 Qe5 21. Bxf6 Rxd1+ 22. Qxd1 gxf6 23. Qd7+ Ka6 24. Qxc6 Qxb2 25. Rc4
Re5 26. Ra4+ Ra5 27. Qc8+ Kb5 28. Qc4# 1-0

[Event "Troy (US Am N/2/23)"]
[Site "?"]
[Date "1995.??.??"]
[Round "?"]
[White "Bee, A."]
[Black "Hall, K."]
[Result "1-0"]
[WhiteElo "1870"]
[BlackElo "1605"]
[PlyCount "89"]
[EventDate "1995.??.??"]

{2/(23)} 1. d4 d5 2. Nf3 Nf6 3. e3 b6 4. Bd3 Bb7 5. O-O Nbd7 6. Nbd2 c5 7. c3
e6 8. Re1 Bd6 9. Nf1 O-O 10. Ng3 e5 11. e4 exd4 12. e5 Nxe5 13. Nxe5 dxc3 14.
bxc3 Re8 15. Nf3 Rxe1+ 16. Qxe1 Bxg3 17. fxg3 h6 18. Bf4 Qe8 19. Qxe8+ Rxe8 20.
Re1 Rxe1+ 21. Nxe1 Kf8 22. Bb8 a6 23. Ba7 c4 24. Bf5 g6 25. Bc2 b5 26. Nf3 Ne4
27. Bd4 f5 28. Ne5 g5 29. Bxe4 fxe4 30. Ng4 a5 31. Nxh6 b4 32. cxb4 axb4 33.
Bc5+ Kg7 34. Nf5+ Kf6 35. g4 b3 36. axb3 cxb3 37. Bd4+ Ke6 38. Kf2 Kd7 39. Ke3
Ba6 40. g3 Bf1 41. Kd2 Kc6 42. Kc3 Be2 43. Ne3 Bc4 44. Nxc4 dxc4 45. Kxc4 1-0

[Event "Troy (TCC Res/2/6)"]
[Site "?"]
[Date "1995.??.??"]
[Round "?"]
[White "Bedy, N."]
[Black "Zubatch, Steve"]
[Result "1/2-1/2"]
[WhiteElo "1605"]
[BlackElo "1700"]
[PlyCount "62"]
[EventDate "1995.??.??"]

{2/(6)} 1. d4 Nf6 2. e3 g6 3. Bd3 Bg7 4. Nd2 d6 5. f4 Bg4 6. Ngf3 Qc8 7. h3 Bf5
8. e4 Bd7 9. c3 c5 10. e5 Nd5 11. Ne4 dxe5 12. fxe5 cxd4 13. cxd4 O-O 14. Bd2
b6 15. Rc1 Nc6 16. Bc4 Be6 17. Neg5 h6 18. Nxe6 Qxe6 19. O-O a6 20. Qc2 Rfc8
21. Qe4 Rd8 22. Rc2 b5 23. Bb3 a5 24. Rfc1 Ra6 25. Rc5 Nf6 26. Bxe6 Nxe4 27.
Bd5 Nxc5 28. Rxc5 Na7 29. Be4 b4 30. d5 Rc8 31. Rxc8+ Nxc8 1/2-1/2

[Event "Eastpointe (EDO/4/13)"]
[Site "?"]
[Date "1995.??.??"]
[Round "?"]
[White "Bedy, N."]
[Black "West, Tony"]
[Result "0-1"]
[WhiteElo "1605"]
[BlackElo "1605"]
[PlyCount "80"]
[EventDate "1995.??.??"]

{4/(13)} 1. d4 Nf6 2. Nf3 g6 3. Bf4 d6 4. e3 Bg7 5. Be2 O-O 6. c4 Nbd7 7. h3 c5
8. Nc3 Qb6 9. Qb3 cxd4 10. Qxb6 Nxb6 11. exd4 Nh5 12. Bh2 Bf5 13. b3 Nf6 14.
Rd1 Nfd7 15. Bd3 Bxd3 16. Rxd3 f5 17. Re3 Rae8 18. Bf4 e5 19. dxe5 dxe5 20. Bh2
e4 21. Bd6 exf3 22. Bxf8 Rxe3+ 23. fxe3 Bxc3+ 24. Kf2 Kxf8 25. Kxf3 Ne5+ 26.
Ke2 Ke7 27. g4 Ke6 28. gxf5+ gxf5 29. Rg1 Ng6 30. Rd1 Nd7 31. Kd3 Bb4 32. Rh1
Nge5+ 33. Ke2 Nf6 34. Rg1 Ng6 35. h4 Bc5 36. Rh1 Ne4 37. Rh2 Ne5 38. Rg2 Ng4
39. Kd3 Nef2+ 40. Kc3 Bxe3 0-1

[Event "Troy (US Am N/4/36)"]
[Site "?"]
[Date "1995.??.??"]
[Round "?"]
[White "Bedy, N."]
[Black "West, L."]
[Result "1-0"]
[WhiteElo "1605"]
[BlackElo "1605"]
[PlyCount "87"]
[EventDate "1995.??.??"]

{4/(36)} 1. d4 d5 2. e3 Nf6 3. Bd3 g6 4. Nd2 Bg7 5. Ngf3 O-O 6. O-O Bg4 7. c3
Re8 8. e4 dxe4 9. Nxe4 Nxe4 10. Bxe4 c6 11. h3 Bxf3 12. Qxf3 e6 13. Qg3 Nd7 14.
h4 Nf6 15. Qd3 Qc7 16. Bg5 Nxe4 17. Qxe4 h5 18. Qf3 e5 19. dxe5 Rxe5 20. Bf4
Qe7 21. Bxe5 Qxe5 22. Rfe1 Qb5 23. Qe2 Qb6 24. Rad1 Bf6 25. g3 Kg7 26. Rd3 a5
27. b3 Qc5 28. c4 Ra7 29. Red1 b6 30. Qe3 Qb4 31. Rd7 Rxd7 32. Rxd7 c5 33. Qe8
Kh6 34. Qxf7 Qe1+ 35. Kg2 Qe4+ 36. Kh2 Bxh4 37. Qh7+ Kg5 38. Qe7+ Qxe7 39. Rxe7
Bxg3+ 40. fxg3 Kf5 41. Rb7 g5 42. Rxb6 h4 43. gxh4 gxh4 44. Rb5 1-0

[Event "Troy (US Am N/6/28)"]
[Site "?"]
[Date "1995.??.??"]
[Round "?"]
[White "Bedy, N."]
[Black "Silveri, Marco"]
[Result "1/2-1/2"]
[WhiteElo "1605"]
[BlackElo "1605"]
[PlyCount "103"]
[EventDate "1995.??.??"]

{6/(28)} 1. d4 Nf6 2. Nf3 d6 3. e3 g6 4. c4 Bg7 5. Nc3 O-O 6. Be2 c6 7. O-O Bf5
8. b4 a6 9. a4 Nbd7 10. Qb3 Qc7 11. a5 Ne4 12. Bd3 Nxc3 13. Qxc3 Bg4 14. Be2
Bxf3 15. Bxf3 e5 16. Qd2 Rad8 17. Bb2 Rfe8 18. d5 c5 19. e4 Rc8 20. Bg4 Rb8 21.
Bxd7 Qxd7 22. bxc5 Rbc8 23. cxd6 Rxc4 24. Qd3 Rb4 25. Qe2 Rb5 26. Rfc1 Qxd6 27.
Bc3 f5 28. f3 Rc8 29. Bd2 Rxc1+ 30. Rxc1 Bf6 31. Qc4 Bd8 32. Qc8 Kg7 33. Bc3
Bc7 34. Bd2 Rc5 35. Rxc5 Qxc5+ 36. Kf1 Qb5+ 37. Ke1 Bxa5 38. Bxa5 Qxa5+ 39. Kd1
Qa4+ 40. Qc2 Qxc2+ 41. Kxc2 Kf7 42. Kb3 Ke7 43. g4 f4 44. h4 Kd6 45. h5 Kc5 46.
Kc3 b5 47. Kb3 a5 48. Kb2 b4 49. Ka2 a4 50. Kb2 a3+ 51. Kb3 Kd6 52. Ka2 1/2-1/2

[Event "Eastpointe (EDO/3/15)"]
[Site "?"]
[Date "1995.??.??"]
[Round "?"]
[White "Bedy, N."]
[Black "Jackson, M."]
[Result "1-0"]
[WhiteElo "1605"]
[BlackElo "1605"]
[PlyCount "74"]
[EventDate "1995.??.??"]

{3/(15)} 1. d4 Nf6 2. Nf3 g6 3. Bf4 Bg7 4. h3 d5 5. e3 O-O 6. Bd3 Nbd7 7. Nbd2
c5 8. c3 Qb6 9. Qb3 Qxb3 10. axb3 Re8 11. O-O cxd4 12. exd4 Nb6 13. Rfe1 Bf5
14. Bb5 Red8 15. Rxe7 Rdc8 16. Rxb7 h5 17. Raxa7 Rxa7 18. Rxa7 Bc2 19. b4 Ne4
20. Nxe4 Bxe4 21. Ng5 Bh6 22. Nxe4 Bxf4 23. Nc5 Re8 24. Ra1 Nc4 25. Bxc4 dxc4
26. Kf1 Bd2 27. Rd1 Re1+ 28. Rxe1 Bxe1 29. Kxe1 Kg7 30. b5 Kf6 31. b6 g5 32. b7
g4 33. b8=Q Kf5 34. Qe5+ Kg6 35. Ne4 f6 36. Qxf6+ Kh7 37. Ng5+ Kg8 1-0

[Event "Eastpointe (EDO/1/6)"]
[Site "?"]
[Date "1995.??.??"]
[Round "?"]
[White "Bedy, N."]
[Black "Grams, Paul"]
[Result "0-1"]
[WhiteElo "1605"]
[BlackElo "1805"]
[PlyCount "126"]
[EventDate "1995.??.??"]

{1/(6)} 1. d4 Nf6 2. Nf3 g6 3. Bf4 Bg7 4. e3 d5 5. h3 O-O 6. Bd3 Nbd7 7. Nbd2
c5 8. c3 Qb6 9. Qb3 Qxb3 10. axb3 Re8 11. O-O cxd4 12. exd4 Nb6 13. Rfe1 Bd7
14. Ne5 Be6 15. c4 Red8 16. c5 Nh5 17. Bh2 Nd7 18. Ndf3 Nxe5 19. Bxe5 Bxe5 20.
Rxe5 Nf4 21. Bc2 f6 22. Ree1 Kf8 23. Kh2 Bd7 24. g3 Nxh3 25. Kg2 Re8 26. Bd3
Kg7 27. Re3 Ng5 28. Nxg5 fxg5 29. b4 Kf6 30. Rh1 h5 31. Rf3+ Kg7 32. Re1 h4 33.
gxh4 gxh4 34. Rfe3 Kf6 35. Re5 g5 36. Kh2 e6 37. Kh3 Re7 38. Kg4 Rg7 39. R1e3
Rh8 40. Rf3+ Ke7 41. Rh3 Rf8 42. Rhe3 Rf4+ 43. Kh3 Rxd4 44. Bf5 g4+ 45. Kh2 Kd8
46. Bxe6 Bxe6 47. Rxe6 Rd2 48. Re2 Rxe2 49. Rxe2 g3+ 50. fxg3 hxg3+ 51. Kg1 a6
52. Rd2 Rg5 53. Kg2 Kc7 54. Rd3 Kc6 55. Rd4 a5 56. bxa5 Kxc5 57. Rd3 Kb4 58. a6
bxa6 59. Rxg3 Rxg3+ 60. Kxg3 Kb3 61. Kf4 Kxb2 62. Ke5 a5 63. Kxd5 a4 0-1

[Event "Troy (TCC Res/4/6)"]
[Site "?"]
[Date "1995.??.??"]
[Round "?"]
[White "Bedy, N."]
[Black "Foord, Allan"]
[Result "1-0"]
[WhiteElo "1605"]
[BlackElo "1605"]
[PlyCount "47"]
[EventDate "1995.??.??"]

{4/(6)} 1. d4 Nf6 2. e3 g6 3. Bd3 Bg7 4. Nd2 d5 5. f4 O-O 6. c3 Bg4 7. Ngf3 Qd7
8. O-O b6 9. Qe1 c5 10. Ne5 Qc8 11. Nxg4 Nxg4 12. h3 Nh6 13. Nf3 Nd7 14. Bd2 c4
15. Bc2 Qc6 16. Ne5 Nxe5 17. fxe5 e6 18. e4 Rad8 19. exd5 exd5 20. Qh4 Nf5 21.
Bxf5 gxf5 22. Rxf5 Qg6 23. Rg5 Qh6 24. Qxh6 1-0

[Event "Troy (US Am N/2/40)"]
[Site "?"]
[Date "1995.??.??"]
[Round "?"]
[White "Bedy, N."]
[Black "Dory, T."]
[Result "1-0"]
[WhiteElo "1605"]
[BlackElo "1605"]
[PlyCount "101"]
[EventDate "1995.??.??"]

{2/(40)} 1. d4 Nf6 2. e3 e6 3. Bd3 c5 4. c3 Nc6 5. f4 d5 6. Nd2 Bd6 7. Nh3 c4
8. Bc2 Bc7 9. O-O O-O 10. Nf2 b5 11. g4 h6 12. h4 Nh7 13. Bxh7+ Kxh7 14. g5 f5
15. Nf3 Qe8 16. Ne5 Bxe5 17. dxe5 a5 18. Kh2 Rg8 19. Rg1 Ne7 20. Bd2 Bb7 21.
Qe2 Qg6 22. h5 Qe8 23. Rg3 Qc6 24. Nh3 Rgf8 25. Ng1 d4 26. Qf3 d3 27. Qxc6 Bxc6
28. Nh3 Nd5 29. g6+ Kh8 30. Nf2 b4 31. cxb4 axb4 32. Rc1 Bb5 33. e4 fxe4 34.
Nxe4 Nxf4 35. Bxb4 Rfd8 36. Nd6 Rxd6 37. exd6 Ne2 38. Rf1 Nxg3 39. Kxg3 Rd8 40.
Ba5 Ra8 41. Rf7 Kg8 42. d7 Bxd7 43. Rxd7 Kf8 44. Bc3 Rxa2 45. Rb7 Ke8 46. Kf3
Ra6 47. Rxg7 Kf8 48. Rb7 Ra8 49. Rc7 Rd8 50. Ke3 Rd5 51. g7+ 1-0

[Event "East Lansing (MI Op/3/5)"]
[Site "?"]
[Date "1995.??.??"]
[Round "?"]
[White "Baze, Lineas"]
[Black "Kamberi, Sonny"]
[Result "1/2-1/2"]
[WhiteElo "2050"]
[BlackElo "2160"]
[PlyCount "101"]
[EventDate "1995.??.??"]

{3/(5)} 1. c4 e6 2. Nf3 d5 3. g3 Nf6 4. Bg2 Be7 5. O-O O-O 6. b3 c5 7. d3 Nc6
8. Bb2 d4 9. Nbd2 e5 10. Kh1 Bf5 11. Ng1 Qd7 12. Ndf3 Rad8 13. a3 Rfe8 14. Nh4
Be6 15. Nhf3 Rb8 16. Qd2 b5 17. Rab1 Rb6 18. Qc2 Reb8 19. Ba1 h6 20. Nd2 bxc4
21. bxc4 Bd6 22. Rxb6 Rxb6 23. Bb2 Qb7 24. Bc1 Qb8 25. Ngf3 Qc8 26. Ng1 Qb8 27.
Ngf3 Na5 28. Qa4 Nb3 29. Nxb3 Bd7 30. Qa5 Rxb3 31. Nd2 Rc3 32. Ne4 Nxe4 33.
Bxe4 Qb6 34. Qxb6 axb6 35. Kg2 Rc2 36. Re1 Kf8 37. f3 Ke7 38. h4 Kd8 39. g4 Kc7
40. Bd5 f6 41. g5 hxg5 42. hxg5 fxg5 43. Bxg5 Bc6 44. Bxc6 Kxc6 45. Kf2 Ra2 46.
Bc1 b5 47. cxb5+ Kxb5 48. Rg1 Ra1 49. Rg6 Be7 50. Bg5 Bxg5 51. Rxg5 1/2-1/2

[Event "East Lansing (MI Op/5/3)"]
[Site "?"]
[Date "1995.??.??"]
[Round "?"]
[White "Baze, Lineas"]
[Black "Finegold, Ron"]
[Result "0-1"]
[WhiteElo "2050"]
[BlackElo "2230"]
[PlyCount "82"]
[EventDate "1995.??.??"]

{5/(3)} 1. e4 e6 2. d4 d5 3. exd5 exd5 4. Bd3 c5 5. c3 Nc6 6. Ne2 Bg4 7. f3 Bh5
8. Bf4 Nf6 9. Qd2 c4 10. Bc2 Bd6 11. Qe3+ Be7 12. O-O O-O 13. Nd2 Re8 14. Qf2
Bg6 15. Bxg6 hxg6 16. Rfe1 Nh5 17. Nf1 Qb6 18. g4 Nxf4 19. Nxf4 Qa5 20. b4 cxb3
21. axb3 Qb5 22. Ne3 Bg5 23. Nfxd5 Bxe3 24. Nxe3 Qxb3 25. Qd2 Qe6 26. Rab1 Qd7
27. Qb2 Re7 28. Qb5 Rae8 29. Ng2 Qd6 30. Rxe7 Rxe7 31. Re1 a6 32. Qf1 b5 33.
Rxe7 Nxe7 34. Ne3 Nd5 35. Nxd5 Qxd5 36. Qd3 a5 37. Kf2 a4 38. Ke2 a3 39. Qb1 a2
40. Qb2 Qc4+ 41. Ke3 Qa4 0-1

[Event "East Lansing (Class A/2/5)"]
[Site "?"]
[Date "1995.??.??"]
[Round "?"]
[White "Bauerle, Paul"]
[Black "Gaiefsky, Mike"]
[Result "1-0"]
[WhiteElo "1950"]
[BlackElo "1830"]
[PlyCount "41"]
[EventDate "1995.??.??"]

{2/(5)} 1. d4 Nf6 2. c4 g6 3. Nc3 Bg7 4. e4 d6 5. Nf3 O-O 6. Be2 Nbd7 7. O-O e5
8. Re1 exd4 9. Nxd4 Nc5 10. Bf3 Re8 11. b4 Ncxe4 12. Bxe4 Nxe4 13. Nxe4 f5 14.
Bg5 Qd7 15. Nf6+ Bxf6 16. Bxf6 Kf7 17. Bg5 a5 18. b5 a4 19. Qd2 c6 20. Rxe8
Qxe8 21. Re1 1-0

[Event "East Lansing (Class A/1/1)"]
[Site "?"]
[Date "1995.??.??"]
[Round "?"]
[White "Bauerle, Paul"]
[Black "Evans Sr., Thomas"]
[Result "1/2-1/2"]
[WhiteElo "1950"]
[BlackElo "1915"]
[PlyCount "84"]
[EventDate "1995.??.??"]

{1/(1)} 1. d4 Nf6 2. c4 e6 3. Nc3 d5 4. Bg5 Be7 5. Nf3 Nc6 6. e3 O-O 7. a3 Ne4
8. Bxe7 Qxe7 9. Rc1 f5 10. cxd5 Nxc3 11. Rxc3 exd5 12. Qb3 Qd6 13. Be2 Ne7 14.
O-O Kh8 15. Rfc1 c6 16. Ne5 Ng6 17. f4 Nxe5 18. fxe5 Qe7 19. g3 Be6 20. Rf1
Rac8 21. Bf3 Rfd8 22. Qc2 Qg5 23. b4 g6 24. Qa4 a6 25. Qa5 h5 26. Kf2 h4 27.
Qb6 Rd7 28. a4 Ra8 29. Qa5 hxg3+ 30. hxg3 Qd8 31. Qc5 Rh7 32. Rcc1 Kg7 33. Ra1
Rc8 34. a5 Rh2+ 35. Bg2 Qf8 36. Qb6 Qe7 37. Rac1 Rch8 38. Rh1 Rxh1 39. Rxh1
Rxh1 40. Bxh1 g5 41. Qc5 Qxc5 42. bxc5 g4 1/2-1/2

[Event "East Lansing (Class C/2/4)"]
[Site "?"]
[Date "1995.??.??"]
[Round "?"]
[White "Barta, Roger"]
[Black "Salami, Samer"]
[Result "1-0"]
[WhiteElo "1605"]
[BlackElo "1605"]
[PlyCount "79"]
[EventDate "1995.??.??"]

{2/(4)} 1. e4 e5 2. Nf3 Nc6 3. Bc4 Bc5 4. c3 d6 5. d4 exd4 6. cxd4 Bb4+ 7. Nc3
Bg4 8. Bxf7+ Kd7 9. Qa4 Bxc3+ 10. bxc3 Kc8 11. d5 Nce7 12. Nd4 Nf6 13. f3 Bd7
14. Be6 Bxe6 15. Nxe6 Qg8 16. Ba3 Nexd5 17. exd5 Nxd5 18. Qg4 Kb8 19. O-O Ne3
20. Qxg7 Qxg7 21. Nxg7 Nxf1 22. Rxf1 Rg8 23. Ne6 b6 24. f4 Kb7 25. f5 Rae8 26.
Bc1 Re7 27. h4 Kc6 28. Bg5 Rf7 29. Nd8+ Rxd8 30. Bxd8 Kd5 31. f6 Kc4 32. Rf3 b5
33. g4 d5 34. g5 b4 35. cxb4 d4 36. Kf1 d3 37. Ke1 Kc3 38. Kd1 Kd4 39. h5 Ke4
40. g6 1-0

[Event "East Lansing (MOR/5/12)"]
[Site "?"]
[Date "1995.??.??"]
[Round "?"]
[White "Barta, Roger"]
[Black "Peiter, H."]
[Result "0-1"]
[WhiteElo "1675"]
[BlackElo "1605"]
[PlyCount "66"]
[EventDate "1995.??.??"]

{5/(12)} 1. e4 c5 2. Nc3 d6 3. g3 g6 4. Bg2 Bg7 5. d3 Nf6 6. h3 O-O 7. Be3 Qa5
8. Qd2 Nc6 9. Nf3 Bd7 10. O-O Rab8 11. a3 b5 12. Bh6 Qc7 13. Bxg7 Kxg7 14. Nh4
b4 15. Ne2 bxa3 16. bxa3 Rb2 17. Rfb1 Qb6 18. Rxb2 Qxb2 19. Qc3 Rb8 20. Rf1
Qxc3 21. Nxc3 Nd4 22. f4 Nxc2 23. e5 Ne8 24. f5 Ne3 25. Rf2 Nxg2 26. Kxg2 Bc6+
27. Kh2 dxe5 28. Nf3 f6 29. fxg6 hxg6 30. g4 Rb3 31. Ne4 Rxd3 32. Ned2 Bxf3 33.
Nxf3 Rxa3 0-1

[Event "East Lansing (MOR/3/2)"]
[Site "?"]
[Date "1995.??.??"]
[Round "?"]
[White "Barta, Roger"]
[Black "Nicolli, Randy"]
[Result "1-0"]
[WhiteElo "1675"]
[BlackElo "1755"]
[PlyCount "59"]
[EventDate "1995.??.??"]

{3/(2)} 1. e4 e5 2. Nf3 Nc6 3. Nc3 d6 4. Bc4 Be7 5. d4 Bg4 6. d5 Nd4 7. Be3
Nxf3+ 8. gxf3 Bd7 9. Qd2 a6 10. f4 exf4 11. Bxf4 Bf6 12. O-O-O Ne7 13. Bg5 Ng6
14. Rhg1 b5 15. Bd3 Ne5 16. f4 Nf3 17. Bxf6 gxf6 18. Qg2 Nxg1 19. Rxg1 Qe7 20.
f5 O-O-O 21. Qf2 Kb7 22. a4 b4 23. Qd4 a5 24. Nb5 Ra8 25. Qc4 Qd8 26. Nd4 Qb8
27. Nc6 Bxc6 28. dxc6+ Kc8 29. Qxf7 Qb6 30. Rg8+ 1-0

[Event "East Lansing (MOR/1a/15)"]
[Site "?"]
[Date "1995.??.??"]
[Round "?"]
[White "Barta, Roger"]
[Black "Mitchell, Dave"]
[Result "1-0"]
[WhiteElo "1675"]
[BlackElo "1605"]
[PlyCount "45"]
[EventDate "1995.??.??"]

1. e4 c6 2. d4 d5 3. e5 Bf5 4. Bd3 Bxd3 5. Qxd3 e6 6. Ne2 Nd7 7. O-O Rc8 8.
Nbc3 a6 9. f4 Bb4 10. f5 c5 11. fxe6 fxe6 12. Qf3 Qe7 13. Qh5+ g6 14. Qh3 cxd4
15. Nxd4 Bc5 16. Be3 Bxd4 17. Bxd4 Rc6 18. Rf3 Nxe5 19. Bxe5 Qc5+ 20. Kh1 d4
21. Bxh8 dxc3 22. Bxc3 Ne7 23. Qxh7 1-0

[Event "East Lansing (Class C/5/2)"]
[Site "?"]
[Date "1995.??.??"]
[Round "?"]
[White "Barta, Roger"]
[Black "Kane, Paul"]
[Result "1/2-1/2"]
[WhiteElo "1605"]
[BlackElo "1605"]
[PlyCount "142"]
[EventDate "1995.??.??"]

{5/(2)} 1. e4 c5 2. Nc3 d6 3. g3 Nc6 4. Bg2 Nf6 5. d3 e6 6. f4 a6 7. Nf3 Rb8 8.
Be3 b5 9. O-O Bb7 10. Qd2 Ng4 11. Rae1 Nxe3 12. Qxe3 Be7 13. f5 b4 14. Ne2 e5
15. g4 Kd7 16. Ng3 Nd4 17. Nxd4 cxd4 18. Qd2 a5 19. c3 Bg5 20. Qc2 Rc8 21. c4
f6 22. a3 Qb6 23. Qb3 Rc5 24. Bf3 Bc6 25. axb4 Rb8 26. b5 Bb7 27. Ra1 Ra8 28.
Qc2 Qxb5 29. Qa4 Qxa4 30. Rxa4 Bc6 31. Ra3 Bd2 32. Bd1 a4 33. Nh5 Bh6 34. Bc2
Rca5 35. Rfa1 Ke7 36. Bd1 g6 37. Ng3 Bd2 38. Ne2 Bb4 39. R3a2 Bd2 40. b3 axb3
41. Rxa5 Rxa5 42. Rxa5 Bxa5 43. Bxb3 gxf5 44. gxf5 Bd2 45. Kg2 Be8 46. Ng3 Kf7
47. c5+ Ke7 48. cxd6+ Kxd6 49. Bg8 h6 50. Kf2 Kc5 51. Ke2 Bf4 52. Kf3 Kb4 53.
Bc4 h5 54. h4 Ka3 55. Ne2 Be3 56. Ng3 Kb2 57. Ke2 Kc2 58. Ba6 Bf4 59. Nf1 Bf7
60. Bb5 Bb3 61. Be8 Ba2 62. Bxh5 Kc3 63. Be8 Bb3 64. h5 Kb4 65. Bg6 Ba4 66. Nh2
Kc3 67. Ng4 Bb5 68. Nf2 Bh6 69. Nd1+ Kc2 70. Nf2 Bf4 71. Bf7 Kc3 1/2-1/2